[Event "4th Memorial Warakomska-A 2020"]
[Site "Suwalki"]
[Date "2020.08.08"]
[Round "3.11"]
[White "Korbal, Arkadiusz"]
[Black "Backiel, Hubert"]
[Result "1/2-1/2"]
[WhiteElo "2113"]
[BlackElo "1943"]
[Annotator "TA"]
[PlyCount "99"]
[EventDate "2020.08.06"]
[EventType "swiss"]
[EventCountry "POL"]
[SourceTitle "playchess.com"]
[Source "ChessBase"]
[SourceQuality "1"]

{[%evp 15,99,21,65,24,24,22,51,35,52,20,19,14,8,14,22,0,0,0,27,26,32,24,29,13,18,0,0,0,20,20,20,15,25,0,0,0,14,0,16,0,0,0,0,0,0,0,12,0,0,0,0,0,0,0,18,0,7,0,0,0,192,0,0,0,0,0,0,0,0,0,0,0,0,0,0,0,0,0,0,0,0,0,237,0,0,0]} 1. d4 d5 2. c4 e6 3. g3 c6 4. Bg2 Nf6 5. Nf3 Bd6 6. Qc2 O-O 7. O-O Nbd7 8. Nbd2 Qc7 9. Rd1 {E01: Catalan: Early deviations.} b6 10. e4 Nxe4 11. Nxe4 {White is slightly better.} dxe4 12. Qxe4 Bb7 13. Ng5 {[%csl Gg5][%cal Re4h7]} Nf6 {[#]} 14. Qe2 $146 ({Predecessor:} 14. Qh4 c5 15. dxc5 Bxc5 16. Bf4 Qe7 17. Bxb7 Qxb7 18. Be5 h6 19. Bxf6 gxf6 20. Ne4 {1-0 (63) Krasenkow,M (2607)-Stachowiak,K (2436) Wroclaw 2011}) 14... Rad8 15. Ne4 Nxe4 16. Qxe4 Ba8 17. Qg4 c5 18. Bg5 Be7 19. Bxa8 Rxa8 20. d5 Bxg5 21. Qxg5 Rad8 22. dxe6 fxe6 23. Qe3 Qf7 24. Rxd8 Rxd8 $11 {[%mdl 4096] Endgame KQR-KQR} 25. Re1 Rd6 26. b3 Qf6 27. Qe4 Rd2 28. Re2 Rxe2 29. Qxe2 {KQ-KQ} Qf5 30. Kg2 h6 31. Qf3 Qc2 32. a4 a5 33. h4 Kh8 34. g4 Kh7 35. Kg3 Qb1 36. Kf4 {Qe4+ is the strong threat.} Qb2 37. g5 Qd2+ $2 {[#]} (37... hxg5+ $11 38. hxg5 Kg6) 38. Kg3 $2 (38. Ke5 $1 $18) 38... hxg5 39. Qh5+ Kg8 40. hxg5 Qc3+ 41. Qf3 Qe5+ 42. Qf4 Qc3+ 43. Kg2 Qd3 44. Qe5 Kf7 45. Qc7+ Kg6 46. Qxb6 {[%mdl 64] Double Attack} Qe4+ 47. f3 Qe2+ 48. Kg3 Qe1+ $2 {[#]} (48... Qe3 $11 {and Black stays safe.}) 49. Kg2 $2 ({White must play} 49. Kf4 $1 $18) 49... Qe2+ 50. Kg3 {Accuracy: White = 86%, Black = 88%.} 1/2-1/2

[Event "4th Memorial Warakomska-A 2020"]
[Site "Suwalki"]
[Date "2020.08.08"]
[Round "3.12"]
[White "Szustakowski, Antoni"]
[Black "Sobocinski, Slawomir"]
[Result "1-0"]
[WhiteElo "2295"]
[BlackElo "1914"]
[Annotator "TA"]
[PlyCount "65"]
[EventDate "2020.08.06"]
[EventType "swiss"]
[EventCountry "POL"]
[SourceTitle "playchess.com"]
[Source "ChessBase"]
[SourceQuality "1"]

{[%evp 29,65,38,53,42,27,27,33,34,24,4,6,0,84,72,336,356,345,316,429,428,489,433,427,427,412,368,615,612,662,641,703,480,29991,29992,29992,29993,29998,29999]} 1. d4 Nf6 2. c4 g6 3. Nc3 d5 4. cxd5 Nxd5 5. e4 Nxc3 6. bxc3 Bg7 7. Nf3 c5 8. Rb1 O-O 9. Be2 cxd4 10. cxd4 Qa5+ 11. Bd2 Qxa2 12. O-O Bg4 13. Bg5 h6 14. Be3 Nc6 15. d5 Na5 16. Re1 {D85: Exchange Grünfeld: Unusual White 7th moves and lines with 7 Nf3.} (16. Bc5 {feels hotter.} b6 17. Bxe7 Rfe8 18. d6 Nc6 19. Bb5) 16... b6 17. Nd4 Bxe2 18. Rxe2 {White is slightly better.} Qc4 $1 19. h4 h5 20. f4 {[#]} Rfd8 $146 {[#]} (20... e6 $11 {keeps the balance.}) ({Predecessor:} 20... Qc3 21. Nb5 Qc4 22. f5 Qxe4 23. d6 exd6 24. f6 Bh8 25. Bxb6 Qxb1 26. Qxb1 axb6 {½-½ (55) Del Rio,R (2372)-Loginov,A (2434) ICCF email 2015}) 21. f5 $1 $16 e5 $2 {[%mdl 8192]} (21... Be5 $16) 22. fxe6 $18 fxe6 23. Nxe6 Rd7 24. Nxg7 Kxg7 25. Bd4+ Kh7 26. Rc2 Qa4 27. Qd3 Rad8 $2 (27... Rg8 28. Rf1 Qb3) 28. Rf2 Nc6 29. Bb2 ({Not} 29. dxc6 Rxd4 30. Qc3 Qc4 $11) 29... Re8 {If only Black now had time for ...Ne5....} 30. Rbf1 {aiming for Rf7+.} Nd8 (30... Ne5 $18 31. Qh3 Qb5 32. Bxe5 Rxe5) 31. Qc3 {White mates.} Rg8 32. Rf8 Qa5 {[#]} 33. Qh8+ $1 {[%mdl 576] X-Ray Attack. White took control after the opening. Accuracy: White = 83%, Black = 35%.} 1-0

[Event "4th Memorial Warakomska-A 2020"]
[Site "Suwalki"]
[Date "2020.08.08"]
[Round "3.13"]
[White "Choroszej, Aleksander"]
[Black "Malaczek, Mateusz"]
[Result "0-1"]
[WhiteElo "2059"]
[BlackElo "2036"]
[Annotator "TA"]
[PlyCount "84"]
[EventDate "2020.08.06"]
[EventType "swiss"]
[EventCountry "POL"]
[SourceTitle "playchess.com"]
[Source "ChessBase"]
[SourceQuality "1"]

{[%evp 10,83,41,23,64,50,57,56,69,64,75,-15,26,26,34,-3,0,3,14,5,12,-5,19,8,11,13,29,2,25,0,16,-22,-39,-98,-104,-110,-59,-81,-37,-39,0,-177,-189,-189,-17,-36,-29,-179,-179,-215,-220,-301,-285,-450,-472,-454,-258,-500,-454,-437,-446,-914,-906,-29982,-29983,-5102,-1098,-1096,-1093,-997,-978,-29990,-29991,-29991,-29992,-29999]} 1. d4 g6 2. e4 Bg7 3. Nc3 d6 4. Be3 a6 5. h4 Nf6 6. f3 Nbd7 {B07: Pirc Defence: Miscellaneous Systems.} 7. g4 h6 8. Qd2 b5 {[%cal Bb7b5,Bb5b4][%mdl 32] White is slightly better.} 9. O-O-O Nb6 {[%cal Bd7b6,Bb6c4,Bc4e3][%mdl 32] [#]} 10. Qf2 $146 ({White should play} 10. h5 $16) ({Predecessor:} 10. b3 Bb7 11. Nge2 Nfd7 12. Ng3 c5 13. h5 cxd4 14. Bxd4 Ne5 15. hxg6 fxg6 16. Be2 b4 17. Nb1 O-O 18. f4 Ned7 19. Bxg7 Kxg7 20. f5 g5 21. Rxh6 {1-0 (21) Volokitin,A (2628)-Malakhov,V (2686) Riadh 2017}) 10... b4 11. Nce2 Nc4 12. Ng3 Nxe3 13. Qxe3 c6 14. h5 {Threatens to win with hxg6.} g5 $1 15. Kb1 Qa5 16. Nf5 Bxf5 17. gxf5 Nd7 18. f4 gxf4 $1 19. Qxf4 c5 20. f6 Bxf6 21. Bh3 (21. e5 $15 dxe5 22. dxe5 Nxe5 23. Nf3) 21... cxd4 $17 22. Nf3 Ne5 ({Better is} 22... Rc8 $17 23. Nxd4 Qc5) 23. Nxd4 Nc4 24. Qg4 {Threatening Qd7+.} Qc5 25. Rhg1 $2 (25. e5 $1 $11 {and White has nothing to worry.} Nxe5 26. Qe4) 25... Kf8 $19 26. e5 Nxe5 $2 ({Black should try} 26... Qxe5 $19 {Strongly threatening ...Rb8.} 27. Rd3 d5) 27. Qe4 $11 Rd8 28. Rg3 {This move loses the game for White.} (28. Ne6+ $1 $11 {and White stays safe.} fxe6 29. Bxe6) 28... Rg8 $19 29. Rdg1 {[%csl Gg1][%cal Rg3g8] [#]} Rg5 $1 {And now ...Nc4 would win.} 30. Rxg5 hxg5 (30... Bxg5 $2 {too greedy.} 31. Qh7 $18) 31. h6 (31. Rd1 {was necessary.}) 31... Nc4 {Hoping for ...Nd2+.} 32. Rd1 Qe5 (32... d5 $142 33. Qd3 Qxd4 34. Qxd4 Bxd4 35. Rxd4 Rd6) 33. Qh1 $2 (33. Qxe5 Nxe5 34. Bf1) 33... Ne3 34. Rd3 {and the idea Qc1 leaves White hopeful.} g4 35. Bf1 (35. Qc1 $142 gxh3 36. Nf3) 35... Nf5 36. c3 Qe1+ 37. Kc2 Nxd4+ (37... bxc3 $142 38. bxc3 Nxd4+ 39. Rxd4 Bxd4) 38. cxd4 Rc8+ 39. Kb3 {[#]} Qc1 $1 {( -> ...Qc2+)} 40. Qg2 Qc4+ {[%mdl 64] Double Attack. Black mates.} 41. Ka4 Qxa2+ 42. Kxb4 Rc4# {Accuracy: White = 42%, Black = 66%.} 0-1

[Event "4th Memorial Warakomska-A 2020"]
[Site "Suwalki"]
[Date "2020.08.08"]
[Round "3.14"]
[White "Rosol, Alexander"]
[Black "Leskiewicz, Ignacy"]
[Result "0-1"]
[WhiteElo "1933"]
[BlackElo "2190"]
[Annotator "TA"]
[PlyCount "78"]
[EventDate "2020.08.06"]
[EventType "swiss"]
[EventCountry "POL"]
[SourceTitle "playchess.com"]
[Source "ChessBase"]
[SourceQuality "1"]

{[%evp 17,78,14,11,0,6,0,6,-9,8,0,20,-15,41,24,22,22,78,69,89,81,116,93,135,124,126,0,14,-36,0,0,0,-210,-148,-270,-150,-316,-345,-450,-445,-407,-182,-173,-137,-228,-203,-194,-233,-206,-197,-199,-195,-240,-243,-225,-220,-228,-225,-257,-258,-248,-247,-801,-801]} 1. e4 c5 2. Nf3 e6 3. d4 cxd4 4. Nxd4 Nc6 5. Nc3 Qc7 6. Be3 a6 7. Nxc6 bxc6 8. Bd3 Nf6 9. O-O d5 10. Qe2 {B48: Sicilian: Taimanov: 5 Nc3 Qc7 6 Be3 a6 without Be2.} Be7 11. Rae1 O-O 12. f4 {[#] The position is equal.} Rd8 $146 ({Predecessor:} 12... Re8 13. Kh1 Rb8 14. e5 Nd7 15. Na4 c5 16. c4 Nf8 17. b3 d4 18. Bc1 Bd7 {1-0 (59) Turner,J (2028)-Robertson,D (1948) England 2014}) 13. e5 Nd7 $1 14. Rf3 Nf8 ({Black should try} 14... g6 $11) 15. Rh3 $36 {[%mdl 2048] And now Bxh7+! would win. White has some pressure.} g6 {...d4 is the strong threat.} 16. Nd1 c5 (16... f5 $11) 17. c3 $16 d4 18. cxd4 cxd4 19. Bd2 $1 Bd7 20. Nf2 Bb5 21. Ne4 (21. Bxb5 $6 axb5 22. Rc1 (22. Qxb5 Rdb8 $17) 22... Qd7 $11) (21. Ng4 $1 $16) 21... Rac8 22. Qg4 Bxd3 23. Rxd3 Qc2 24. Rh3 $2 (24. Qh3 $1 $11) 24... Qxb2 25. a3 (25. Rd3 $17) 25... Rc2 (25... d3 $19 26. Rd1 Qxa3) 26. Bb4 $2 {White does not recover from this.} (26. Rd3 $17) 26... Rc1 $19 (26... Bxb4 27. axb4 Rc1 28. Qh4 $17) 27. Rxc1 Qxc1+ 28. Kf2 Qc2+ (28... d3 $142 29. Bd2 (29. Bxe7 $2 d2 $19) 29... Qc2) 29. Qe2 d3 {[%cal Bd4d3,Bd3c2][%mdl 32]} 30. Qxc2 (30. Qd2 $17 {keeps fighting.} Bxb4 31. axb4) 30... Bh4+ $1 ({Stronger than} 30... dxc2 31. Rc3 $11) 31. Ke3 ({Not} 31. Rxh4 $2 dxc2 32. Nf6+ Kg7 $19) 31... dxc2 32. Bd2 {[#]} Be1 $1 {[%mdl 512]} 33. Nd6 {[#]} (33. Bxe1 c1=Q+) 33... g5 $1 {[%mdl 512]} 34. Ke2 (34. fxg5 Ng6) 34... Bxd2 35. Kxd2 gxf4 36. Kxc2 Ng6 37. Nc4 Rd5 38. Rf3 Rc5 ({Don't do} 38... Nxe5 39. Rxf4 Rc5 40. Kb3 $17) 39. Kb3 $2 {[#]} (39. Rc3) 39... Rxc4 $1 {[%mdl 512] Accuracy: White = 43%, Black = 70%.} 0-1

[Event "4th Memorial Warakomska-A 2020"]
[Site "Suwalki"]
[Date "2020.08.08"]
[Round "3.15"]
[White "Chojnowski, Marcin"]
[Black "Strzelecki, Jerzy"]
[Result "1/2-1/2"]
[WhiteElo "2035"]
[BlackElo "1977"]
[Annotator "TA"]
[PlyCount "34"]
[EventDate "2020.08.06"]
[EventType "swiss"]
[EventCountry "POL"]
[SourceTitle "playchess.com"]
[Source "ChessBase"]
[SourceQuality "1"]

{[%evp 18,34,30,30,31,0,0,0,0,-33,0,0,37,-75,-81,-95,-74,-99,0]} 1. d4 Nf6 2. c4 g6 3. f3 Bg7 4. e4 d6 5. Nc3 O-O 6. Be3 a6 7. Nge2 c6 8. Ng3 b5 9. Be2 Nbd7 10. O-O Bb7 {[#] E81: King's Indian: Sämisch: 6th move deviations (including 6 Be3 c6).} 11. a4 $146 {[%cal Ra4b5]} ({Predecessor:} 11. c5 Ne8 12. f4 Nc7 13. Rc1 a5 14. e5 dxc5 15. dxc5 f6 16. e6 Nb8 17. f5 Qxd1 18. Rfxd1 {1-0 (39) Duzhakov,I (2403)-Martynov,P (2414) St Petersburg 2015}) 11... b4 12. Na2 c5 {The position is equal.} 13. Nc1 Qc7 14. d5 e5 15. f4 (15. a5 $14) 15... exf4 $17 {Black is better.} 16. Bxf4 Rae8 17. Qc2 Ra8 {Accuracy: White = 33%, Black = 57%.} ({Black should try} 17... h5 $17 18. Bf3 Ne5) 1/2-1/2

[Event "4th Memorial Warakomska-A 2020"]
[Site "Suwalki"]
[Date "2020.08.08"]
[Round "3.16"]
[White "Jurkiewicz, Krzysztof"]
[Black "Marczukiewicz, Jerzy"]
[Result "1-0"]
[WhiteElo "2275"]
[BlackElo "1912"]
[Annotator "TA"]
[PlyCount "93"]
[EventDate "2020.08.06"]
[EventType "swiss"]
[EventCountry "POL"]
[SourceTitle "playchess.com"]
[Source "ChessBase"]
[SourceQuality "1"]

{[%evp 13,93,-24,-1,-7,0,-15,-18,-26,-22,-30,-6,-16,-17,-16,-9,-27,-12,-16,-18,-28,-4,-13,-4,-4,-4,-14,-10,-5,-13,-12,-12,-6,-15,-11,12,0,0,0,0,0,0,-9,0,0,0,0,0,-17,0,0,0,-12,-12,-26,0,0,0,-5,0,-17,-11,-320,1371,1364,1363,1331,1308,1268,1250,1214,1073,1042,6079,5514,29975,29973,29975,29976,29976,29977,29972,5206]} 1. d4 d5 2. c4 c6 3. Nf3 Nf6 4. Qc2 dxc4 5. Qxc4 Bf5 6. Nc3 e6 7. Bg5 Be7 8. e3 {D23: Queen's Gambit Accepted: 3 Nf3 Nf6 sidelines.} Nbd7 9. Qb3 Qb6 10. Bc4 {The position is equal.} h6 11. Bh4 Qxb3 12. Bxb3 {[#]} g5 $146 ({Predecessor:} 12... Ne4 13. Bg3 Nxg3 14. hxg3 Nf6 15. Ne5 O-O 16. f3 c5 17. g4 Bh7 18. dxc5 Bxc5 {1-0 (47) Ikonnikov,V (2555)-Forchert,M (2310) Boeblingen 1998}) 13. Bg3 Ne4 14. Ne5 Nxe5 15. Bxe5 f6 {[#] Hoping for ...Nxc3.} 16. Bg3 Bb4 17. Rc1 h5 {...h4 is the strong threat.} 18. f3 $1 {[%cal Rf3e4]} Nxg3 19. hxg3 Ke7 20. Kf2 Bg6 21. Na4 Rad8 22. Nc5 Bxc5 $1 23. Rxc5 Be8 24. Rd1 h4 25. Rcc1 Bg6 26. gxh4 Rxh4 27. Kg3 Rhh8 28. e4 Bf7 29. Kf2 Rd7 30. Ke3 Rh2 31. Kf2 Rh8 32. Rd2 Rhd8 33. Rcd1 e5 34. Bxf7 Kxf7 35. d5 cxd5 36. Rxd5 Rxd5 37. Rxd5 $4 {[%mdl 8192]} (37. exd5 $11 {and White is okay.} Ke7 38. Ke3) 37... Ke7 $4 {[%mdl 8192]} (37... Rxd5 $19 38. exd5 Ke7) 38. Rxd8 $18 Kxd8 {[%mdl 4096] Endgame KP-KP} 39. Kg3 Ke7 40. Kg4 Ke6 41. Kh5 Kf7 42. Kh6 b5 43. b4 a6 44. Kh7 {White mates.} Ke8 45. Kg7 Ke7 46. g4 Ke6 {[#]} 47. Kf8 $1 {Accuracy: White = 100%, Black = 78%.} 1-0

[Event "4th Memorial Warakomska-A 2020"]
[Site "Suwalki"]
[Date "2020.08.08"]
[Round "4.2"]
[White "Grabarczyk, Miroslaw"]
[Black "Godzwon, Iwo"]
[Result "1-0"]
[WhiteElo "2366"]
[BlackElo "2347"]
[Annotator "TA"]
[PlyCount "137"]
[EventDate "2020.08.06"]
[EventType "swiss"]
[EventCountry "POL"]
[SourceTitle "playchess.com"]
[Source "ChessBase"]
[SourceQuality "1"]

{[%evp 18,137,16,8,0,6,49,51,61,54,60,60,67,11,93,25,21,22,54,19,21,26,26,24,39,32,59,41,67,69,62,47,62,55,55,52,52,53,54,52,49,16,16,6,62,14,0,13,114,101,95,100,121,126,151,151,151,151,151,151,151,151,151,151,151,151,151,151,151,151,151,151,151,151,151,151,151,148,151,151,151,148,151,151,151,151,152,144,144,144,144,144,144,144,144,144,144,130,144,33,33,0,120,120,120,120,216,193,12826,5964,12837,12838,12838,12839,12839,12839,12840,12840,12844,12839,12837,756]} 1. d4 Nf6 2. c4 g6 3. Nf3 Bg7 4. g3 d5 5. cxd5 Nxd5 6. Bg2 Nc6 7. O-O Nb6 8. e3 O-O 9. Nc3 Re8 10. d5 {Recently 10.h3 got a lot of attention.} Na5 {D76: Fianchetto Grünfeld: Main Line with 7...Nb6.} 11. Nd4 e5 12. dxe6 Bxe6 {White is slightly better.} 13. Nxe6 Qxd1 14. Rxd1 Rxe6 15. Rb1 (15. Nb5 $14 Re7 16. Bd2) 15... c6 (15... Bxc3 $1 $11 16. bxc3 Rae8) 16. Bd2 (16. Ne4 $1 $16) 16... Nac4 $11 17. Be1 Ree8 {[#]} 18. Kf1 $146 (18. b3 $5 {[%cal Rb3c4]} Na3 19. Rbc1 $14) ({Predecessor:} 18. b3 Na3 19. Rbc1 Red8 20. Kf1 Kf8 21. Ke2 Ke8 22. Ne4 Bb2 23. Rxd8+ Rxd8 24. Rd1 {1-0 (55) Suarez Garcia,C (2426)-Suarez Uriel,A (2311) Linares 2016}) 18... Red8 19. b3 Rxd1 20. Nxd1 Na3 21. Rc1 a5 22. Nc3 a4 23. Nxa4 Nxa4 24. bxa4 Rxa4 25. Rd1 Ra8 26. Rd7 Rb8 27. Ba5 Nc4 28. Bc7 $1 {[%cal Rc7b8]} Rc8 29. a4 Bf6 30. h4 Kf8 (30... Ra8 $11) 31. Bh3 {Black must now prevent Rxf7+!} Ra8 32. Bf4 Na5 (32... Ra7 $11 {remains equal.}) 33. Bd6+ $16 Kg8 34. Bb4 h5 35. Bg2 Nc4 36. Rxb7 Rxa4 37. Bxc6 Ra1+ 38. Kg2 {Hoping for Bd5.} Rb1 39. Bd5 Ne5 40. f4 Rb2+ 41. Kf1 $1 Ng4 42. Bc5 $1 Rxb7 43. Bxb7 {[%mdl 4096] Endgame KBB-KBN} Bc3 44. e4 Kg7 45. Ke2 Nf6 46. Bc6 Ng4 47. Bg1 Nf6 48. Kf3 Kg8 49. Bb7 Kh7 50. Bc8 Kg8 51. Bc5 Ne8 52. Be7 Ng7 53. Bd7 Ne6 54. f5 gxf5 55. exf5 Nf8 56. Ba4 Nh7 57. Bd1 Kg7 58. Ke4 (58. Bd6 $16) 58... Nf6+ $14 59. Kf3 {Threatens to win with Bd6.} (59. Bxf6+ $5 Kxf6 60. Bc2 $14 (60. Bxh5 Be1 $14)) 59... Be5 (59... Nh7 $1 $11) 60. Bb4 $16 Ng4 61. Be1 Bd4 {[#]} (61... Kh7 $16 62. Ke4 Bd6) 62. Ke4 $1 $18 {[%cal Re4d4]} Bf2 $2 (62... Nf2+ 63. Kxd4 Nxd1) 63. Bc3+ {White is clearly winning.} Kh6 {[#]} 64. Bd2+ $1 Kg7 65. Bxg4 Bxg3 66. Bxh5 Bxh4 67. Bc3+ Kf8 68. Bb4+ Kg7 69. Bd1 {Accuracy: White = 84%, Black = 68%.} 1-0

[Event "4th Memorial Warakomska-A 2020"]
[Site "Suwalki"]
[Date "2020.08.08"]
[Round "4.3"]
[White "Wolanski, Michal"]
[Black "Goluch, Piotr"]
[Result "0-1"]
[WhiteElo "2019"]
[BlackElo "2376"]
[Annotator "TA"]
[PlyCount "90"]
[EventDate "2020.08.06"]
[EventType "swiss"]
[EventCountry "POL"]
[SourceTitle "playchess.com"]
[Source "ChessBase"]
[SourceQuality "1"]

{[%evp 9,90,29,35,29,50,54,56,23,29,25,30,27,25,39,20,9,0,13,14,-87,-84,-112,-106,-105,-110,-110,-106,-107,-99,-127,-130,-141,-141,-136,-140,-140,-145,-148,-129,-159,-150,-147,-141,-202,-203,-345,-338,-350,-288,-335,-329,-356,-335,-360,-140,-294,-288,-365,-288,-371,-385,-386,-378,-391,-375,-542,-478,-639,-612,-684,-658,-877,-847,-932,-891,-29989,-29990,-29991,-29992,-29997,-29992,-29997,-29993]} 1. c4 e5 2. g3 Nf6 3. Bg2 c6 4. Nf3 e4 5. Nd4 Bc5 6. Nb3 {A20: English Opening: 1...e5.} Be7 7. O-O d5 8. d3 {White is slightly better.} exd3 9. Qxd3 dxc4 10. Qxc4 Be6 11. Qc2 O-O 12. Nc3 Na6 {[%cal Bb8a6,Ba6b4,Bb4c2][%mdl 32]} 13. Rd1 Nb4 {[#]} 14. Rxd8 $146 (14. Qb1 $1 $11 Qc8 15. Nd4) ({Predecessor:} 14. Qb1 Qc8 15. Nd4 Rd8 16. a3 Nbd5 17. Nxe6 Qxe6 18. Nxd5 Nxd5 19. Qc2 Bf6 20. Rb1 {1-0 (65) Gross,S (2420)-Nun,J (2475) Trinec 1988}) 14... Nxc2 $17 15. Rxf8+ Kxf8 16. Rb1 {[#]} Bxb3 $1 17. axb3 Nd4 18. Be3 Nxb3 19. h3 a5 20. Rd1 Rd8 21. Rxd8+ Bxd8 22. Kf1 Nd7 23. Ne4 Be7 24. f4 Bb4 25. g4 Ke7 26. g5 (26. Kf2 $17) 26... Ndc5 $19 27. Nxc5 (27. Bxc5+ $142 Bxc5 28. Ke1) 27... Bxc5 {[%mdl 4096] Endgame KBB-KBN} ({Not} 27... Nxc5 28. Kf2 $17) 28. Kf2 Kd6 29. Be4 g6 30. h4 b5 31. h5 Nd4 $2 (31... gxh5 $19 {has better winning chances.} 32. Bxh7 Bxe3+ 33. Kxe3 a4) 32. Kf1 $2 {This move loses the game for White.} (32. Bd2 $17 {keeps fighting.}) 32... a4 ({Don't take} 32... gxh5 33. Bxh7 Nb3 34. g6 $19) 33. Bd2 Nf5 (33... gxh5 $2 34. Bxh7 b4 35. Be1 $19) 34. hxg6 hxg6 {aiming for ...Ng3+.} 35. Ke1 Bd4 36. Bc1 c5 37. Kd2 (37. Bc2 {was called for.}) 37... c4 38. Kc2 b4 {[%cal Bb5b4,Bb4b3][%mdl 32]} 39. Bd2 Kc5 40. Kb1 Nd6 41. Bf3 Nb5 42. e4 b3 {Black mates.} 43. f5 a3 44. fxg6 fxg6 45. Bh5 {[#]} c3 $1 {Accuracy: White = 38%, Black = 93%.} 0-1

[Event "4th Memorial Warakomska-A 2020"]
[Site "Suwalki"]
[Date "2020.08.08"]
[Round "4.4"]
[White "Lewicki, Miroslaw"]
[Black "Jarocka, Liwia"]
[Result "1-0"]
[WhiteElo "2340"]
[BlackElo "1934"]
[Annotator "ChessBase"]
[PlyCount "101"]
[EventDate "2020.08.06"]
[EventType "swiss"]
[EventCountry "POL"]
[SourceTitle "playchess.com"]
[Source "ChessBase"]
[SourceQuality "1"]
[TimeControl "40/5400+30:1800+30"]

1. e4 {[%emt 0:00:00]} c5 {[%emt 0:00:00]} 2. Nf3 {[%emt 0:00:00]} d6 {[%emt 0:00:00]} 3. d4 {[%emt 0:00:00]} cxd4 {[%emt 0:00:01]} 4. Nxd4 {[%emt 0:00:00]} Nf6 {[%emt 0:00:22]} 5. Nc3 {[%emt 0:00:00]} e6 {[%emt 0:00:12]} 6. Be2 {[%emt 0:00:03]} a6 {[%emt 0:00:14]} 7. a4 {[%emt 0:00:42]} Be7 {[%emt 0:00:21]} 8. O-O {[%emt 0:00:07]} O-O {[%emt 0:00:12]} 9. Be3 {[%emt 0:00:16]} Nc6 {[%emt 0:00:17]} 10. Kh1 {[%emt 0:01:25]} Nxd4 {[%emt 0:06:44]} 11. Qxd4 {[%emt 0:02:05]} Bd7 {[%emt 0:00:21]} 12. Rad1 {[%emt 0:01:25]} Qc7 {[%emt 0:02:38]} 13. f4 {[%emt 0:01:19]} Bc6 {[%emt 0:00:36]} 14. Bf3 {[%emt 0:04:03]} Rad8 {[%emt 0:08:21]} 15. Qc4 {[%emt 0:00:51]} Rc8 {[%emt 0:05:42]} 16. Qb3 {[%emt 0:01:10]} b5 {[%emt 0:07:49]} 17. axb5 {[%emt 0:02:02]} axb5 {[%emt 0:05:32]} 18. Nxb5 {[%emt 0:00:08]} Bxb5 {[%emt 0:01:50]} 19. Qxb5 {[%emt 0:00:06]} Rb8 {[%emt 0:00:19]} 20. Qd3 {[%emt 0:00:24]} Rxb2 {[%emt 0:00:26]} 21. Bd4 {[%emt 0:01:18]} Ra2 {[%emt 0:04:33]} 22. e5 {[%emt 0:01:47]} dxe5 {[%emt 0:04:04]} 23. fxe5 {[%emt 0:00:06]} Nd7 {[%emt 0:01:04]} 24. Rfe1 {[%emt 0:06:30]} Rd8 {[%emt 0:08:35]} 25. c3 {[%emt 0:02:24]} Ra5 {[%emt 0:02:10]} 26. Qe3 {[%emt 0:04:31]} h6 {[%emt 0:02:39]} 27. Bh5 {[%emt 0:05:24]} Bg5 {[%emt 0:03:26]} 28. Qf2 {[%emt 0:00:11]} g6 {[%emt 0:02:07]} 29. h4 {[%emt 0:11:34]} Be7 {[%emt 0:03:19]} 30. Rf1 {[%emt 0:00:20]} Rf8 {[%emt 0:01:16]} 31. Qg3 {[%emt 0:00:12]} Nxe5 {[%emt 0:03:39]} 32. Rde1 {[%emt 0:00:07]} Bd6 {[%emt 0:01:05]} 33. Rf6 {[%emt 0:00:54]} Kh7 {[%emt 0:12:25]} 34. Qf4 {[%emt 0:09:25]} Rd5 {[%emt 0:09:43]} 35. Rf1 {[%emt 0:06:31]} Qe7 {[%emt 0:00:11]} 36. Qe4 {[%emt 0:01:08]} Kg7 {[%emt 0:01:07]} 37. Rxf7+ {[%emt 0:07:44]} Qxf7 {[%emt 0:01:48]} 38. Rxf7+ {[%emt 0:00:10]} Kxf7 {[%emt 0:00:16]} 39. c4 {[%emt 0:01:32]} Rxd4 {[%emt 0:00:42]} 40. Qxd4 {[%emt 0:00:00]} Ke7 {[%emt 0:00:00]} 41. Be2 {[%emt 0:02:07]} Rc8 {[%emt 0:03:44]} 42. g4 {[%emt 0:01:18]} g5 {[%emt 0:01:04]} 43. h5 {[%emt 0:02:14]} Rc5 {[%emt 0:00:59]} 44. Qe4 {[%emt 0:01:17]} Nf7 {[%emt 0:07:39]} 45. Bd3 {[%emt 0:00:37]} Ra5 {[%emt 0:02:33]} 46. Qh7 {[%emt 0:00:45]} Ra1+ {[%emt 0:00:40]} 47. Kg2 {[%emt 0:00:38]} Ra2+ {[%emt 0:00:36]} 48. Kf1 {[%emt 0:00:59]} Ra1+ {[%emt 0:00:51]} 49. Ke2 {[%emt 0:00:36]} Ra2+ {[%emt 0:00:37]} 50. Kd1 {[%emt 0:00:38]} Kf8 {[%emt 0:01:43]} 51. Bg6 {[%emt 0:00:50]} 1-0

[Event "4th Memorial Warakomska-A 2020"]
[Site "Suwalki"]
[Date "2020.08.08"]
[Round "4.5"]
[White "Kucza, Karol"]
[Black "Shilov, Sergej"]
[Result "0-1"]
[WhiteElo "2245"]
[BlackElo "2121"]
[Annotator "ChessBase"]
[PlyCount "96"]
[EventDate "2020.08.06"]
[EventType "swiss"]
[EventCountry "POL"]
[SourceTitle "playchess.com"]
[Source "ChessBase"]
[SourceQuality "1"]
[TimeControl "40/5400+30:1800+30"]

1. e4 g6 2. d4 Bg7 3. Nc3 a6 4. Be3 b5 5. Qd2 Bb7 6. f3 d6 7. h4 h5 8. Nh3 Nd7 9. a4 b4 10. Ne2 c5 11. Ng5 Ngf6 12. a5 O-O 13. d5 Ne5 14. Nf4 Bc8 15. c4 bxc3 16. bxc3 Bd7 17. c4 Rb8 18. Qc2 Nh7 19. Ra2 Qc7 20. Be2 Rb7 21. Nxh7 Kxh7 22. Nh3 Rfb8 23. Ng5+ Kg8 24. Bc1 Rb3 25. O-O Qb7 26. Kh1 Qc8 27. Kh2 Rc3 28. Qxc3 Ng4+ 29. fxg4 Bxc3 30. gxh5 f6 31. Nh3 gxh5 32. Bxh5 Bg4 33. Bxg4 Qxg4 34. Ra3 Be5+ 35. Bf4 Qe2 36. Rg3+ Kh7 37. Rf2 Qxe4 38. Bxe5 dxe5 39. d6 Qxh4 40. dxe7 Re8 41. Rgf3 Kg6 42. g4 e4 43. Rf4 e3 44. Re2 Rxe7 45. g5 Qh5 46. Rg2 fxg5 47. Rfg4 Re5 48. Kg3 Kf6 0-1